000
00271nam a22001217a 4500
008
180301b xxu||||| |||| 00| 0 eng d
041
_a
eng
080
_a
617
100
_a
5
101
_a
KIR
245
_a
Textbook Study Guide of Surgery
_c
Butner, A.N
942
_2
udc
_c
BK
999
_c
43851
_d
43851